=LDR 00000nam 2200000 4500 =001 INLIS000000000001521 =005 20210308085333 =035 ##$$a 0010-061300000001521 =008 210308################g##########0#ind## =041 ##$$a Ind =082 ##$$a 371.2 =090 ##$$a 371.2, Dar-a =100 ##$$a Daryanto, H. M. =245 1#$$a Administrasi pendidikan /$c Drs. H.M. Daryanto =260 ##$$a Jakarta :$b Rineka Cipta,$c 2006 =300 ##$$a viii, 210 hlm. : $b ilus ; $c 20 x 14 cm. =650 #4$$a Administrasi Pendidikan =850 ##$$a NBPNMAT =020 ##$$a 979-518-707-4 =084 ##$$a 371.2 DAR a =250 ##$$a cet. 1 =520 ##$$a Bibliografi hlm. 208-210 =990 ##$$a 138.850/Pb.98 =990 ##$$a 138.851/Pb.98 =990 ##$$a 138.852/Pb.98 =990 ##$$a 10606220